Catálogo de la colección cervantina de la Biblioteca Nacional : (Record no. 192983)

MARC details
000 -LEADER
campo de control de longitud fija 01942nam a2200457 i 4500
001 - NÚMERO DE CONTROL
campo de control 192983
003 - IDENTIFICADOR DE NÚMERO DE CONTROL
campo de control SpMaBN
005 - FECHA Y HORA DE LA ÚLTIMA TRANSACCIÓN
campo de control 20260312131314.0
007 - CAMPO FIJO DE DESCRIPCIÓN FÍSICA--INFORMACIÓN GENERAL
campo de control de longitud fija ta
008 - DATOS DE LONGITUD FIJA--INFORMACIÓN GENERAL
campo de control de longitud fija 230714s2006 sp | ||||o001 0 spa
016 7# - NÚMERO DE CONTROL DE UNA AGENCIA BIBLIOGRÁFICA NACIONAL
Número de control del registro bimoBNE20060522997
Fuente SpMaBN
017 ## - NÚMERO DE COPYRIGHT O DE DEPÓSITO LEGAL
Número de copyright o de depósito legal M 13910-2006
Agencia que asigna Oficina Depósito Legal Madrid
020 ## - NÚMERO INTERNACIONAL ESTÁNDAR DEL LIBRO
Número Internacional Estándar del Libro 8488699867
035 ## - NÚMERO DE CONTROL DEL SISTEMA
Número de control de sistema (OCoLC)433363083
035 ## - NÚMERO DE CONTROL DEL SISTEMA
Número de control de sistema bimo0002106567
040 ## - FUENTE DE CATALOGACIÓN
Lengua de catalogación spa
Centro/agencia transcriptor ES-MaACL
Normas de descripción rdc
080 ## - NÚMERO DE LA CLASIFICACIÓN DECIMAL UNIVERSAL
Número de la Clasificación Decimal Universal 012 Cervantes Saavedra, Miguel de
080 ## - NÚMERO DE LA CLASIFICACIÓN DECIMAL UNIVERSAL
Número de la Clasificación Decimal Universal 017.1(460.27 M.)
110 2# - ENTRADA PRINCIPAL--NOMBRE DE ENTIDAD CORPORATIVA
Nombre de entidad corporativa o nombre de jurisdicción como elemento de entrada Biblioteca Nacional (España)
Término indicativo de función/relación entidad responsable
9 (RLIN) 2188
245 10 - MENCIÓN DEL TÍTULO
Título Catálogo de la colección cervantina de la Biblioteca Nacional :
Resto del título ediciones del "Quijote" en castellano /
Mención de responsabilidad, etc. coordinación, Pilar Egoscozábal Carrasco ; catalogación, Pilar Egoscozábal Carrasco, Elena Laguna del Cojo, Isabel Moyano Andrés
260 ## - PUBLICACIÓN, DISTRIBUCIÓN, ETC.
Lugar de publicación, distribución, etc. Madrid :
Nombre del editor, distribuidor, etc. Biblioteca Nacional,
Fecha de publicación, distribución, etc. 2006.
300 ## - DESCRIPCIÓN FÍSICA
Extensión 348 páginas ;
Dimensiones 25 cm
336 ## - TIPO DE CONTENIDO
Término de tipo de contenido Texto (visual)
Fuente isbdcontent
337 ## - TIPO DE MEDIO
Nombre/término del tipo de medio sin mediación
Fuente isbdmedia
338 ## - TIPO DE SOPORTE
Fuente rdacarrier
Nombre/término del tipo de soporte volumen
500 ## - NOTA GENERAL
Nota general Índices
530 ## - NOTA DISPONIBLE DE FORMULARIO FÍSICO ADICIONAL
Nota de formato físico adicional disponible Disponible en formato digital
600 14 - PUNTO DE ACCESO ADICIONAL DE MATERIA--NOMBRE DE PERSONA
Nombre de persona Cervantes Saavedra, Miguel de,
Fechas asociadas al nombre 1547-1616.
Título de la obra Don Quijote de la Mancha-
Subdivisión de forma Bibliografías
9 (RLIN) 37615
610 24 - PUNTO DE ACCESO ADICIONAL DE MATERIA--NOMBRE DE ENTIDAD CORPORATIVA
Nombre de entidad corporativa o nombre de jurisdicción como elemento de entrada Biblioteca Nacional de España-
Subdivisión de forma Catálogos
9 (RLIN) 236667
655 #7 - TERMINO DE INDIZACIÓN--GENERO/FORMA
Datos o término principal de género/forma Bibliografías
Fuente del término tgfbne
9 (RLIN) 226825
700 1# - ENTRADA AGREGADA--NOMBRE PERSONAL
Nombre de persona Egoscozábal Carrasco, Pilar
9 (RLIN) 233726
Término indicativo de función/relación Coordinador
700 1# - ENTRADA AGREGADA--NOMBRE PERSONAL
Nombre de persona Laguna del Cojo, Elena
9 (RLIN) 69626
Término indicativo de función/relación Colaborador
700 1# - ENTRADA AGREGADA--NOMBRE PERSONAL
Nombre de persona Moyano Andrés, Isabel,
Fechas asociadas al nombre 1962-
Término indicativo de función/relación Colaborador
9 (RLIN) 233727
852 ## - LOCALIZACIÓN
Ubicación ES-MaACL
Sublocalización o colección R.153446
Ubicación en estantería Depósito J
Donativo/Legado Donación: Biblioteca Nacional de España
Número de control de estantería N-8498
Encuadernación Cartoné
itemnumber 200286
856 4# - LOCALIZACIÓN Y ACCESO ELECTRÓNICOS
Identificador Uniforme de Recursos <a href="http://bdh-rd.bne.es/viewer.vm?id=0000186833&page=1">http://bdh-rd.bne.es/viewer.vm?id=0000186833&page=1</a>
Texto de enlace Versión en línea
Nota pública Biblioteca Digital Hispánica
914 ## - NOMBRE ENTIDAD DE DONANTE
Nombre de congreso/reunión o jurisdicción como elemento de entrada Biblioteca Nacional de España
Unidad subordinada Donante
RLIN 234950
942 ## - ELEMENTOS DE ENTRADA SECUNDARIOS (KOHA)
Suprimir en OPAC No
Tipo de ítem Koha Libro impreso
Holdings
Estatus retirado Estado de pérdida Fuente del sistema de clasificación o colocación Estado de daño No para préstamo Biblioteca de origen Biblioteca actual Ubicación en estantería Fecha de adquisición Fuente de adquisición Total de préstamos Signatura topográfica completa Código de barras Visto por última vez Tipo de ítem Koha
    Clasificación decimal universal     Biblioteca del Ateneo de Madrid Biblioteca del Ateneo de Madrid Depósito J 02/06/2022 Donación   N-8498 101205579 14/07/2023 Libro impreso